000 00899cam a22002534a 4500
001 12763209
005 20250709141448.0
008 020503s2003 maua b 001 0 eng
020 _a0072559209
_qalk. paper
020 _a9780072559200
_q(alk. paper)
050 0 0 _aHD8038.A1
_bD45 2003
082 0 0 _a658
_221
100 1 _aDeLong, Thomas.
245 1 0 _aProfessional services :
_btext and cases /
_cThomas DeLong, Ashish Nanda.
260 _aBoston, Mass. :
_bMcGraw-Hill/Irwin,
_cc2003.
300 _axxxii, 538 p. :
_bill. ;
_c24 cm.
650 0 _aProfessions
_xMarketing.
650 0 _aConsultants
_xMarketing.
650 0 _aService industries
_xManagement.
700 1 _aNanda, Ashish.
856 4 2 _3Publisher description
_uhttp://www.loc.gov/catdir/description/mh024/2002070132.html
856 4 1 _3Table of contents
_uhttp://www.loc.gov/catdir/toc/mh023/2002070132.html
942 _2lcc
_cBK
_n0
999 _c6884
_d6884